Normal view MARC view
  • Agalgatti, B. H. / Krishna, S

Entry Personal Name

Number of records used in: 1

001 - CONTROL NUMBER

  • control field: 68747

003 - CONTROL NUMBER IDENTIFIER

  • control field: OSt

005 - DATE AND TIME OF LATEST TRANSACTION

  • control field: 20220806111527.0

008 - FIXED-LENGTH DATA ELEMENTS

  • fixed length control field: 220806|| aca||aabn | a|a d

040 ## - CATALOGING SOURCE

  • Original cataloging agency: OSt
  • Transcribing agency: OSt

100 ## - HEADING--PERSONAL NAME

  • Personal name: Agalgatti, B. H. / Krishna, S

670 ## - SOURCE DATA FOUND

  • Source citation: Work cat.: (OSt)38605: Agalgatti, B. H. / Krishna, S., Business Ethics, 2014